| 000 | 00606nam a2200229Ia 4500 | ||
|---|---|---|---|
| 003 | OSt | ||
| 005 | 20220924114415.0 | ||
| 006 | a|||||r|||| 00| 0 | ||
| 007 | ta | ||
| 008 | 220923b |||||||| |||| 00| 0 kan d | ||
| 024 | _a350551 | ||
| 037 | _cTextual | ||
| 040 |
_aARTS _cARTS _bkan |
||
| 041 |
_2kan _akan |
||
| 082 | _aO33:gx, P2 | ||
| 100 |
_aAmur G S Au. _9173360 |
||
| 245 | 0 | _aSeemollanghana | |
| 260 |
_aBangalore _bPriyadarshini prakshana India _c2002 |
||
| 650 | _aKANNAD LITERATURE | ||
| 942 |
_hO33:gx, P2 _cTEXL _2CC |
||
| 999 |
_c393384 _d393384 |
||